[Event "Gorzow Wielkopolski Lasker Memor-B 2nd"]
[Site "Gorzow Wielkopolski"]
[Date "2018.07.05"]
[Round "4.10"]
[White "Sulima, Franciszek"]
[Black "Mielke, Torsten Mario"]
[Result "0-1"]
[WhiteElo "1281"]
[BlackElo "1716"]
[PlyCount "72"]
[EventDate "2018.07.02"]
[EventType "swiss"]
[EventRounds "7"]
[EventCountry "POL"]
[SourceTitle "EXT 2023"]
[Source "ChessBase"]
[SourceDate "2022.10.05"]
[SourceVersion "1"]
[SourceVersionDate "2022.10.05"]
[SourceQuality "1"]

1. e4 e5 2. Nf3 Nc6 3. d4 exd4 4. Bc4 Bb4+ 5. c3 dxc3 6. 0-0 Qe7 7. a3 Bc5 8. b4 Bb6 9. Nxc3 Ne5 10. Nd5 Nxf3+ 11. Qxf3 Qf8 12. Be3 Kd8 13. Bg5+ f6 14. e5 h6 15. exf6 hxg5 16. f7 Nh6 17. Qg3 Nxf7 18. Nxb6 axb6 19. Rac1 c6 20. Rfd1 Qe7 21. Bxf7 Qxf7 22. Qe3 Qf4 23. Qxb6+ Qc7 24. Qe3 Qxh2+ 25. Kf1 Qf4 26. Qb6+ Qc7 27. Qe3 Rh1+ 28. Ke2 Rxd1 29. Qxg5+ Ke8 30. Qg6+ Kf8 31. Qf5+ Kg8 32. Qh5 Qd8 33. Rxd1 Rxa3 34. Kf1 d5 35. Re1 Bd7 36. Ra1 Ra5 0-1

[Event "Gibraltar Amateur op-A"]
[Site "Caleta"]
[Date "2018.01.24"]
[Round "3"]
[White "Mielke, Torsten Mario"]
[Black "Busch, Guenther"]
[Result "1-0"]
[WhiteElo "1739"]
[BlackElo "1537"]
[PlyCount "75"]
[EventDate "2018.01.22"]
[EventType "swiss"]
[EventRounds "5"]
[EventCountry "GGB"]
[SourceTitle "EXT 2019"]
[Source "ChessBase"]
[SourceDate "2018.10.10"]
[SourceVersion "1"]
[SourceVersionDate "2018.10.10"]
[SourceQuality "1"]

1. e4 d6 2. d4 g6 3. f4 Bg7 4. c3 a6 5. Bc4 e6 6. Nf3 b5 7. Bb3 Ne7 8. 0-0 0-0 9. Be3 Nd7 10. Nbd2 Bb7 11. Ng5 d5 12. e5 Nf5 13. Qe2 Nxe3 14. Qxe3 Rc8 15. Rf3 h6 16. Nh3 Re8 17. Raf1 f6 18. Rg3 Kh7 19. Nf3 Qe7 20. Nh4 Nf8 21. exf6 Bxf6 22. Nf3 c5 23. Ne5 cxd4 24. cxd4 Qg7 25. Qd3 Re7 26. Nf2 Bc6 27. Neg4 Be8 28. Nxh6 Bh4 29. Rh3 Qf6 30. Nhg4 Qf5 31. Rxh4+ Kg7 32. Ne3 Qxd3 33. Nxd3 Nh7 34. Ng4 Rec7 35. Nc5 Re7 36. Re1 Rc6 37. Bxd5 Rd6 38. Nxe6+ 1-0

[Event "Gibraltar Amateur op-A"]
[Site "Caleta"]
[Date "2018.01.23"]
[Round "2"]
[White "Galvan Cipriani, Viviana"]
[Black "Mielke, Torsten Mario"]
[Result "1-0"]
[WhiteElo "1826"]
[BlackElo "1739"]
[PlyCount "77"]
[EventDate "2018.01.22"]
[EventType "swiss"]
[EventRounds "5"]
[EventCountry "GGB"]
[SourceTitle "EXT 2019"]
[Source "ChessBase"]
[SourceDate "2018.10.10"]
[SourceVersion "1"]
[SourceVersionDate "2018.10.10"]
[SourceQuality "1"]

1. Nf3 Nf6 2. c4 g6 3. Nc3 c6 4. e4 d6 5. d4 Bg7 6. Be2 0-0 7. 0-0 c5 8. Ne1 cxd4 9. Qxd4 Nc6 10. Qd1 Nd7 11. Be3 Nc5 12. Nc2 Bxc3 13. bxc3 Nxe4 14. Qe1 Qa5 15. Bf3 Ng5 16. Bd5 e6 17. Bxg5 exd5 18. Bh6 Bf5 19. Bxf8 Rxf8 20. cxd5 Bxc2 21. Qd2 Ba4 22. dxc6 Bxc6 23. Qd4 d5 24. Rad1 a6 25. Rd2 Re8 26. f4 Re4 27. Qf6 Re6 28. Qd4 Re4 29. Qf6 Re6 30. Qg5 Qxc3 31. Rdf2 Qf6 32. Qg4 Qd4 33. Qg3 f5 34. h3 Bb5 35. Rc1 Re2 36. Rc8+ Re8 37. Rc7 Re1+ 38. Kh2 Qa1 39. Qh4 1-0

[Event "Lisbon Portugal op"]
[Site "Lisbon"]
[Date "2017.02.05"]
[Round "4"]
[White "Reis, Luis Sousa"]
[Black "Mielke, Torsten Mario"]
[Result "1-0"]
[WhiteElo "2149"]
[BlackElo "1724"]
[PlyCount "49"]
[EventDate "2017.02.04"]
[EventType "swiss"]
[EventRounds "9"]
[EventCountry "POR"]
[SourceTitle "CBM 176 Extra"]
[Source "ChessBase"]
[SourceDate "2017.03.02"]
[SourceVersion "1"]
[SourceVersionDate "2017.03.02"]
[SourceQuality "1"]

1. e4 e5 2. Bc4 Bc5 3. Nc3 Nf6 4. d3 d6 5. Na4 Bb6 6. Nxb6 axb6 7. Bg5 h6 8. Bh4 Nc6 9. a3 g5 10. Bg3 Bg4 11. f3 Bh5 12. Ne2 Bg6 13. Nc3 h5 14. h4 g4 15. f4 exf4 16. Bxf4 Nh7 17. Qd2 Ne5 18. Bb3 f5 19. exf5 Bxf5 20. 0-0-0 Qd7 21. Bg5 Qg7 22. d4 Nf7 23. Rde1+ Kf8 24. Rhf1 Nhxg5 25. Rxf5 1-0

[Event "Berlin Spring op-B"]
[Site "Berlin"]
[Date "2014.05.04"]
[Round "7"]
[White "Moeller, Dirk Halvard"]
[Black "Mielke, Torsten Mario"]
[Result "1-0"]
[WhiteElo "1470"]
[BlackElo "1686"]
[PlyCount "86"]
[EventDate "2014.05.01"]
[EventType "swiss"]
[EventRounds "7"]
[EventCountry "GER"]
[SourceTitle "CBM 160 Extra"]
[Source "ChessBase"]
[SourceDate "2014.07.01"]
[SourceVersion "1"]
[SourceVersionDate "2014.07.01"]
[SourceQuality "1"]

1. e4 e5 2. Nf3 d6 3. Nc3 f5 4. d4 exd4 5. Bg5 Nf6 6. Nxd4 Be7 7. exf5 0-0 8. Bc4+ Kh8 9. Be6 Nbd7 10. 0-0 c5 11. Ndb5 Ne5 12. Bxf6 Rxf6 13. Ne4 Rh6 14. Nbxd6 Bxe6 15. fxe6 Rxe6 16. Qd5 Bxd6 17. Qxe6 Bc7 18. Nxc5 Qh4 19. Qh3 Qf6 20. Nd7 Nxd7 21. Qxd7 Qf4 22. Qh3 h6 23. Qg3 Qc4 24. Qc3 Qf4 25. g3 Qf7 26. Qb3 Qf5 27. Qxb7 Rc8 28. c3 Bb6 29. Qg2 Qc2 30. Rab1 Rf8 31. Kh1 Qd2 32. f4 Qd3 33. Rbd1 Qf5 34. Rfe1 Qa5 35. Qd5 Qa4 36. Rd2 Rd8 37. Qg2 Rf8 38. b3 Qa5 39. Qf3 Qf5 40. Rde2 Qc5 41. Re8 Kg8 42. Rxf8+ Kxf8 43. Qa8+ Kf7 1-0

[Event "Berlin Spring op-B"]
[Site "Berlin"]
[Date "2014.05.03"]
[Round "5"]
[White "Kreutz, Ralf"]
[Black "Mielke, Torsten Mario"]
[Result "0-1"]
[WhiteElo "1524"]
[BlackElo "1686"]
[PlyCount "55"]
[EventDate "2014.05.01"]
[EventType "swiss"]
[EventRounds "7"]
[EventCountry "GER"]
[SourceTitle "CBM 160 Extra"]
[Source "ChessBase"]
[SourceDate "2014.07.01"]
[SourceVersion "1"]
[SourceVersionDate "2014.07.01"]
[SourceQuality "1"]

1. e4 e5 2. Nf3 Nc6 3. Bc4 Bc5 4. c3 Nge7 5. d4 exd4 6. cxd4 Bb4+ 7. Nc3 Bxc3+ 8. bxc3 0-0 9. 0-0 d5 10. exd5 Nxd5 11. Qd3 Bg4 12. h3 Bxf3 13. Qxf3 Nb6 14. Bd3 f5 15. Bxf5 Qd6 16. Qg4 Ne7 17. Be6+ Kh8 18. a4 Rf6 19. Bb3 Qc6 20. Qd1 Rg6 21. f3 Rd8 22. Bd2 Qd7 23. Bc2 Nf5 24. Qb1 Rf8 25. Re1 Rxg2+ 26. Kxg2 Nh4+ 27. Kf2 Qxh3 28. Be4 0-1

[Event "Berlin Spring op-B"]
[Site "Berlin"]
[Date "2014.05.01"]
[Round "1"]
[White "Engel, Robert"]
[Black "Mielke, Torsten Mario"]
[Result "1/2-1/2"]
[WhiteElo "1279"]
[BlackElo "1686"]
[PlyCount "63"]
[EventDate "2014.05.01"]
[EventType "swiss"]
[EventRounds "7"]
[EventCountry "GER"]
[SourceTitle "CBM 160 Extra"]
[Source "ChessBase"]
[SourceDate "2014.07.01"]
[SourceVersion "1"]
[SourceVersionDate "2014.07.01"]
[SourceQuality "1"]

1. e4 e5 2. Nf3 Nc6 3. Bc4 Bc5 4. c3 a6 5. Bb3 Nf6 6. d3 d6 7. 0-0 Bg4 8. Re1 Qd7 9. Be3 0-0-0 10. Nbd2 h6 11. Nf1 g5 12. Ng3 h5 13. Bxg5 h4 14. Bxf6 hxg3 15. hxg3 Rh5 16. Bxd8 Nxd8 17. Kf1 f6 18. Qd2 Bxf3 19. gxf3 Rh2 20. d4 Qh3+ 21. Ke2 Qxg3 22. Rf1 Ba7 23. Qe3 c5 24. d5 Nf7 25. Rg1 Qh4 26. Rg4 Qh5 27. Rag1 Ng5 28. R4g2 Rh3 29. Rg3 Rh2 30. c4 Bb6 31. Kd3 Bd8 32. Bd1 1/2-1/2

[Event "Gibraltar Challengers-B 9th"]
[Site "Caleta"]
[Date "2011.01.31"]
[Round "3"]
[White "Mielke, Torsten Mario"]
[Black "Lada, Ireneusz"]
[Result "1/2-1/2"]
[WhiteElo "1875"]
[BlackElo "2130"]
[PlyCount "93"]
[EventDate "2011.01.29"]
[EventType "swiss"]
[EventRounds "5"]
[EventCountry "GGB"]
[SourceTitle "CBM 140 Extra"]
[Source "ChessBase"]
[SourceDate "2011.03.01"]
[SourceVersion "1"]
[SourceVersionDate "2011.03.01"]
[SourceQuality "1"]

1. e4 c6 2. d4 d5 3. e5 Bf5 4. f4 e6 5. Nf3 c5 6. c3 Nc6 7. Bd3 Nge7 8. Be3 Bxd3 9. Qxd3 Qb6 10. b3 Nf5 11. Bf2 h5 12. Nbd2 Be7 13. 0-0 0-0-0 14. Rfb1 Rdg8 15. a3 Kb8 16. c4 Ncxd4 17. b4 Nxf3+ 18. Nxf3 Rd8 19. bxc5 Qc6 20. Rb5 Rd7 21. Rab1 d4 22. Ng5 Bxc5 23. Ne4 Be7 24. c5 Rc8 25. h3 h4 26. Nd6 Bxd6 27. cxd6 Qc2 28. Qf3 b6 29. R5b2 Qc3 30. Qd1 Rb7 31. Qa4 Qc6 32. Qxc6 Rxc6 33. Rb4 a5 34. R4b3 f6 35. Rd3 fxe5 36. fxe5 Rc4 37. Rbd1 Kc8 38. Bxd4 Kd7 39. Bf2 Re4 40. Re1 Rc4 41. Rb1 b5 42. Rdb3 b4 43. axb4 Rcxb4 44. Rxb4 Rxb4 45. Rc1 Rb7 46. Be1 Nd4 47. Kh1 1/2-1/2

[Event "Gibraltar Challengers-B 9th"]
[Site "Caleta"]
[Date "2011.01.29"]
[Round "1"]
[White "Suez Panama, Gilles"]
[Black "Mielke, Torsten Mario"]
[Result "1-0"]
[WhiteElo "2096"]
[BlackElo "1875"]
[PlyCount "43"]
[EventDate "2011.01.29"]
[EventType "swiss"]
[EventRounds "5"]
[EventCountry "GGB"]
[SourceTitle "CBM 140 Extra"]
[Source "ChessBase"]
[SourceDate "2011.03.01"]
[SourceVersion "1"]
[SourceVersionDate "2011.03.01"]
[SourceQuality "1"]

1. d4 d5 2. Nf3 Nf6 3. c4 Bf5 4. Nc3 e6 5. Qb3 Nc6 6. a3 dxc4 7. Qxc4 a6 8. b4 Nd7 9. e4 Nb6 10. Qd3 Bg6 11. Qe3 Be7 12. Bb2 Bh5 13. Rd1 0-0 14. Be2 Bxf3 15. gxf3 Bg5 16. f4 Bh6 17. h4 Qf6 18. Bc1 e5 19. dxe5 Nxe5 20. fxe5 Qxe5 21. Qg3 Qe6 22. Rg1 1-0

[Event "Liberec op 10th"]
[Site "Liberec"]
[Date "2009.10.24"]
[Round "1"]
[White "Mielke, Torsten Mario"]
[Black "Kozak, Milos"]
[Result "1/2-1/2"]
[WhiteElo "1873"]
[BlackElo "2243"]
[PlyCount "54"]
[EventDate "2009.10.24"]
[EventType "swiss"]
[EventRounds "9"]
[EventCountry "CZE"]
[SourceTitle "EXT 2010"]
[Source "ChessBase"]
[SourceDate "2010.11.25"]
[SourceVersion "1"]
[SourceVersionDate "2010.11.25"]
[SourceQuality "1"]

1. e4 e5 2. f4 d5 3. exd5 exf4 4. Nf3 Nf6 5. d4 Nxd5 6. Bc4 Be6 7. Bxd5 Qxd5 8. 0-0 Be7 9. Bxf4 Qd8 10. Nc3 0-0 11. Qd3 c6 12. Rad1 Na6 13. a3 Nc7 14. Ne4 h6 15. c3 Nd5 16. Bc1 Nb6 17. Ne5 Qd5 18. Bxh6 gxh6 19. Nf6+ Bxf6 20. Rxf6 Rfd8 21. Qg3+ Kf8 22. Qh4 Qxe5 23. Qxh6+ Ke7 24. dxe5 Rxd1+ 25. Rf1 Rad8 26. Qf6+ Ke8 27. Qh8+ Ke7 1/2-1/2

[Event "Merano Cup Gold 37th"]
[Site "Merano"]
[Date "2009.04.22"]
[Round "6"]
[White "Schweitzer, Paul"]
[Black "Mielke, Torsten Mario"]
[Result "0-1"]
[WhiteElo "1794"]
[BlackElo "1873"]
[PlyCount "36"]
[EventDate "2009.04.17"]
[EventType "swiss"]
[EventRounds "9"]
[EventCountry "ITA"]
[SourceTitle "CBM 130 Extra"]
[Source "ChessBase"]
[SourceDate "2009.07.02"]
[SourceVersion "2"]
[SourceVersionDate "2009.07.15"]
[SourceQuality "1"]

1. Nf3 d5 2. b3 Bf5 3. Bb2 e6 4. e3 Nf6 5. Be2 c5 6. c4 Nc6 7. 0-0 dxc4 8. Bxc4 Bd6 9. d3 Qc7 10. Re1 Bg4 11. h3 Bh5 12. g4 Nxg4 13. hxg4 Bxg4 14. Nc3 a6 15. d4 0-0-0 16. Ne4 Bh2+ 17. Kf1 Ne5 18. Be2 Bh3# 0-1

[Event "Merano Cup Gold 37th"]
[Site "Merano"]
[Date "2009.04.18"]
[Round "2"]
[White "Lutz, Albert"]
[Black "Mielke, Torsten Mario"]
[Result "0-1"]
[WhiteElo "2153"]
[BlackElo "1873"]
[PlyCount "76"]
[EventDate "2009.04.17"]
[EventType "swiss"]
[EventRounds "9"]
[EventCountry "ITA"]
[SourceTitle "CBM 130 Extra"]
[Source "ChessBase"]
[SourceDate "2009.07.02"]
[SourceVersion "2"]
[SourceVersionDate "2009.07.15"]
[SourceQuality "1"]

1. Nf3 Nc6 2. d4 d5 3. c4 Nf6 4. cxd5 Qxd5 5. Nc3 Qa5 6. Bd2 Bg4 7. e3 a6 8. Be2 e6 9. a3 Be7 10. h3 Bh5 11. b4 Qb6 12. Na4 Qa7 13. Rc1 0-0 14. Nc5 Rac8 15. 0-0 Rfd8 16. Qa4 Bxc5 17. Rxc5 Nb8 18. Rfc1 c6 19. Qc2 Rd5 20. Qb2 Qb6 21. Bc4 Bxf3 22. gxf3 Rxc5 23. dxc5 Qd8 24. Bc3 Nbd7 25. Kh2 Qe7 26. Rg1 g6 27. Qd2 Nd5 28. Bb2 Rf8 29. e4 Nc7 30. Rd1 Rd8 31. Qd4 f6 32. f4 Kg7 33. Rd3 Kf8 34. Qe3 Ke8 35. Rd6 Nf8 36. e5 f5 37. a4 Nd5 38. b5 Nxe3 0-1

[Event "Merano Cup Gold 37th"]
[Site "Merano"]
[Date "2009.04.17"]
[Round "1"]
[White "Mielke, Torsten Mario"]
[Black "Willin, Bernhard"]
[Result "1/2-1/2"]
[WhiteElo "1873"]
[BlackElo "1988"]
[PlyCount "63"]
[EventDate "2009.04.17"]
[EventType "swiss"]
[EventRounds "9"]
[EventCountry "ITA"]
[SourceTitle "CBM 130 Extra"]
[Source "ChessBase"]
[SourceDate "2009.07.02"]
[SourceVersion "2"]
[SourceVersionDate "2009.07.15"]
[SourceQuality "1"]

1. e4 c5 2. f4 g6 3. Nf3 Bg7 4. Bc4 e6 5. a3 Nc6 6. c3 Nge7 7. 0-0 0-0 8. d3 Rb8 9. Be3 d5 10. Ba2 b6 11. e5 Bb7 12. d4 Ba6 13. Rf2 Nf5 14. Qd2 Qe7 15. g4 Nxe3 16. Qxe3 Na5 17. Nbd2 Rfc8 18. h4 cxd4 19. cxd4 Rc2 20. f5 Qc7 21. fxe6 fxe6 22. h5 Rf8 23. h6 Bh8 24. Ng5 Rxf2 25. Qxf2 Qe7 26. Qf4 Rxb2 27. Ndf3 Nb3 28. Bxb3 Rxb3 29. Ra2 Rb1+ 30. Kh2 Rf1 31. Kg3 Bc4 32. Rb2 1/2-1/2

[Event "Berlin Unicorn op"]
[Site "Berlin"]
[Date "2007.05.17"]
[Round "3"]
[White "Horn, Sven"]
[Black "Mielke, Torsten Mario"]
[Result "1-0"]
[WhiteElo "2118"]
[BlackElo "1772"]
[PlyCount "37"]
[EventDate "2007.05.16"]
[EventType "swiss"]
[EventRounds "7"]
[EventCountry "GER"]
[SourceTitle "CBM 118 Extra"]
[Source "ChessBase"]
[SourceDate "2007.07.04"]
[SourceVersion "1"]
[SourceVersionDate "2007.07.04"]
[SourceQuality "1"]

1. e4 e5 2. Nf3 Nc6 3. Bb5 Bc5 4. c3 Nge7 5. 0-0 a6 6. Ba4 0-0 7. d4 exd4 8. cxd4 Ba7 9. d5 Nb8 10. d6 cxd6 11. Qxd6 b5 12. Bb3 Ng6 13. Ng5 Qb6 14. Qd1 Qf6 15. Nc3 Bb7 16. Nd5 Qe5 17. Qh5 h6 18. Qxg6 fxg6 19. Ne7+ 1-0

[Event "Berlin op 08"]
[Site "Berlin"]
[Date "2006.08.21"]
[Round "3"]
[White "Mielke, Torsten Mario"]
[Black "Popp, Maximilian"]
[Result "0-1"]
[WhiteElo "1678"]
[BlackElo "1285"]
[PlyCount "44"]
[EventDate "2006.08.19"]
[EventType "swiss"]
[EventRounds "9"]
[EventCountry "GER"]
[SourceTitle "EXT 2007"]
[Source "ChessBase"]
[SourceDate "2006.11.23"]
[SourceVersion "1"]
[SourceVersionDate "2006.11.23"]
[SourceQuality "1"]

1. e4 e6 2. d4 d5 3. e5 c5 4. Nf3 Nc6 5. Bb5 Nge7 6. 0-0 Qb6 7. Nc3 Nf5 8. Bxc6+ bxc6 9. Ne2 Ba6 10. Ng3 Nxg3 11. fxg3 Bxf1 12. Qxf1 cxd4 13. Kh1 Be7 14. Qd3 c5 15. b3 0-0 16. h4 f6 17. g4 fxe5 18. Nxe5 Qd6 19. Nf3 e5 20. Qe2 e4 21. Ng1 Bxh4 22. Ba3 Rf2 0-1